Effects of federal programs on higher education: a study of 36 universities and colleges (Record no. 431401)

000 -LEADER
fixed length control field 00493cam a22001337a 4500
008 - FIXED-LENGTH DATA ELEMENTS--GENERAL INFORMATION
fixed length control field 180718b1962 xxu||||| |||| 00| 0 eng d
082 ## - DEWEY DECIMAL CLASSIFICATION NUMBER
Classification number P5x73 Or5
100 ## - MAIN ENTRY--PERSONAL NAME
Personal name Orlans, Haro
245 ## - TITLE STATEMENT
Title Effects of federal programs on higher education: a study of 36 universities and colleges
Statement of responsibility, etc. by Harold Orlans
260 ## - PUBLICATION, DISTRIBUTION, ETC.
Place of publication, distribution, etc. Washington
Name of publisher, distributor, etc. Brookings Institution
Date of publication, distribution, etc. 1962
300 ## - PHYSICAL DESCRIPTION
Extent xvi, 361p.
650 ## - SUBJECT ADDED ENTRY--TOPICAL TERM
Topical term or geographic name entry element Federal aid to higher education --United States
650 ## - SUBJECT ADDED ENTRY--TOPICAL TERM
Topical term or geographic name entry element Higher education and state --United States
Holdings
Withdrawn status Lost status Damaged status Not for loan Permanent Location Current Location Date acquired Full call number Barcode Date last seen Price effective from Koha item type
        Indian Institute of Public Administration Indian Institute of Public Administration 2010-01-19 P5x73 Or5 32632 2018-07-21 2018-07-21 Book

Powered by Koha